Traduction Français/Anglais : I.5.Health and medicine - Statistiques

Statistiques générales
  • Ce quiz a été pris 4 fois
  • Le résultat moyen est 9 sur 50
Statistiques - réponses
Hint Réponse % Correct
une drogue, un médicament a drug
100%
l'alcool alcohol
100%
un alcoolique an alcoholic
100%
une cicatrice a scar
100%
les premiers soins first aid
100%
tousser to cough
100%
se cicatriser to heal
100%
une fièvre a fever
67%
un préservatif a condom
50%
un diagnostic a diagnosis
50%
un infirmier, une infirmière a nurse
50%
une thérapie a therapy
50%
chronique chronic
50%
la drogue drugs
50%
infecté infected
50%
la malnutrition malnutrition
50%
mentalement mentally
50%
la nicotine nicotine
50%
paranoïaque paranoid
50%
avorter to abort
50%
le tabac tobacco
50%
brûler to burn
50%
injecter to inject
50%
arracher, extraire to pull out
50%
stériliser to sterilize
50%
une blessure an injury
33%
l'euthanasie euthanasia
33%
enceinte pregnant
33%
schizophrène schizophrenic
33%
en phase terminale terminal
33%
éternuer to sneeze
33%
débrancher to unplug
33%
intestinal intestinal
25%
l'avortement abortion
0%
un bilan a check-up
0%
un rhume a cold
0%
aigu acute
0%
la dépendance, l'accoutumance addiction
0%
créant une dépendance addictive
0%
un régime a diet
0%
une maladie a disease/an illness
0%
un médecin a doctor / a physician
0%
un ivrogne a drunk / a drunkard
0%
une famine a famine
0%
une crise a fit
0%
une douleur aiguë agony
0%
un mal de tête a headache
0%
une maladie qui tue a killer
0%
un appareil de réanimation a life-support machine
0%
un médicament a medicine
0%
un intoxiqué an addict
0%
une épidémie an epidemic
0%
une piqûre an injection / a shot
0%
une intervention an operation
0%
antiseptique antiseptic
0%
une pandémie a pandemic
0%
un malade, un patient a patient
0%
une pilule a pill
0%
une ordonnance a prescription
0%
artificiel artificial
0%
un fumeur a smoker
0%
une angine a sore throat
0%
un comprimé a tablet
0%
une transfusion a transfusion
0%
un traumatisme a trauma
0%
un vaccin a vaccine
0%
une plaie a wound
0%
alité, grabataire bed-ridden
0%
cassé broken
0%
le bien-être comfort
0%
qui ne souffre pas comfortable
0%
sans souffrance comfortably
0%
compulsif compulsive
0%
tuberculeux consumptive
0%
contaminé contaminated
0%
la contraception contraception
0%
estropié crippled
0%
mortel deadly / lethal
0%
drastique, radical drastic
0%
radicalement drastically
0%
mortellement fatally / mortally
0%
en forme fit
0%
la forme fitness
0%
gynécologique gynecological
0%
la santé health
0%
séro-positif HIV-positive
0%
malade ill, sick
0%
fou insane
0%
insomniaque insomniac
0%
la folie madness
0%
les soins médicaux medical care
0%
la douleur, une douleur pain/ a pain
0%
douloureux painful
0%
douloureusement, péniblement painfully
0%
paralysé paralyzed
0%
pathologique pathological
0%
frappé par la peste plague-stricken
0%
lié à la pollution pollution-related
0%
sain d'esprit sane
0%
septique, infecté septic
0%
gravement seriously
0%
sévèrement severely
0%
myope short-sighted
0%
le tabagisme smoking
0%
la famine starvation / famine
0%
la grippe porcine swine flu
0%
le goudron tar
0%
en phase terminale terminally
0%
l'état the condition
0%
les mourants the dying
0%
la grippe the flu/ influenza
0%
les blessés the injured / the wounded
0%
le pouls the pulse
0%
administrer to administer
0%
amputer to amputate
0%
asphyxier to asphyxiate
0%
lié au tabac tobacco-related
0%
s'effondrer, craquer to break down
0%
s'étrangler, s'étouffer to choke
0%
consulter to consult
0%
contaminer to contaminate
0%
guérir to cure
0%
dépister to detect
0%
diagnostiquer to diagnose
0%
préparer (pharmacie) to dispense
0%
panser to dress
0%
(se) noyer to drown
0%
examiner to examine
0%
s'évanouir to faint
0%
faire mal to hurt
0%
infecter to infect
0%
soigner to look after / to care for
0%
mutiler to maim
0%
opérer to operate on
0%
se rétablir to recover
0%
soulager to relieve
0%
faire un test de dépistage (sur) to screen
0%
s'étendre to spread
0%
stimuler to stimulate
0%
souffrir to suffer
0%
enfler to swell
0%
tester, analyser to test
0%
transplanter to transplant
0%
subir to undergo
0%
blesser to wound / to injure
0%
radiographier to X-ray
0%
traumatisant traumatic
0%
un traitement, des soins treatment
0%
insupportable unbearable
0%
à naître unborn
0%
viral viral
0%
Aucun quiz correspondant
Distribution des résultats
% des personnes avec chaque résultat
Percentile par nombre de réponses
Votre historique - résultats
Vous n’avez pas pris ce quiz